000 00905cpcaa2200253 4500
001 mm 79000435
003 DLC
005 20260227111631.0
008 790226|||||||||||| eng
010 _amm 79000435
040 _aDLC
_cDLC
_edacs
_dDLC
072 7 _aC
_2lcmd
100 1 _aCarrington, Edward,
_d1749-1810.
245 0 0 _aEdward Carrington papers,
_f1781.
300 _a2
_fitems.
506 0 _aOpen to research.
545 0 _aDelegate of the U.S. Continental Congress of Virginia and army officer.
546 _aCollection material in English.
580 _aForms part of: Miscellaneous Manuscripts collection.
656 7 _aArmy officers.
_2itoamc
656 7 _aDelegates, U.S. Continental Congress
_zVirginia.
_2itoamc
999 _c40380
_d40380